Vybrané priame environmentálne aspekty v stavebníctve

Na minha lista:
Detalhes bibliográficos
Autor principal: Palušová, Darina, 1940- (Author)
Formato: Livro
Idioma:eslovaco
Publicado em: Bratislava : STU v Bratislave, 2003
Tags: Adicionar Tag
Sem tags, seja o primeiro a adicionar uma tag!

MARC

LEADER 00000nam a22000003a 4500
001 stu122575
005 20220321184831.4
008 060703s2003----xo------------------slo-d
020 |a 80-227-1928-5 
040 |a STU  |b slo 
041 0 |a slo 
044 |a xo 
100 1 |a Palušová, Darina,  |d 1940-  |4 aut  |u V230  |9 100  |U SvF Stavebná fakulta  |T SvF Katedra ekonomiky a riadenia stavebníctva  |X 742  |U V230|V230  |Y 24  |7 A000000742 
245 1 |a Vybrané priame environmentálne aspekty v stavebníctve 
260 |a Bratislava :  |b STU v Bratislave,  |c 2003 
300 |a 70 s 
996 |b 284V032856  |c V*9089/K-2233  |l VVT  |s A  |a 24  |w stu122575_0001